GIORNI FESTIVI - ITALIA - Statistics

Statistiche generali
  • Questo quiz è stato fatto 364 volte
  • Il punteggio medio è 8 su 11
Statistiche sulle risposte
GIORNO FESTIVITA' % Corretto
1 gennaio Capodanno
94%
6 gennaio Epifania
90%
1 maggio Festa del lavoro
87%
25 dicembre Natale
86%
17 aprile (di quest'anno) Pasqua
86%
25 aprile Liberazione
85%
2 giugno Festa della Repubblica
84%
26 Dicembre Santo Stefano
75%
1 novembre Santi/Ognissanti
70%
8 dicembre Immacolata Concezione
63%
15 agosto Assunzione di Maria
26%
Nessun quiz corrispondente trovato
Distribuzione punteggi
Percentuale di utenti per punteggio
Percentile per numero di risposta
I tuoi punteggi nel tempo
Non hai fatto questo quiz